| 000 | 01226cam a2200313 i 4500 | ||
|---|---|---|---|
| 001 | 25076 | ||
| 003 | Mx-PuUPA | ||
| 005 | 20251001134118.0 | ||
| 008 | 140415s2022 mx gr 001 0 spa d | ||
| 020 | _a9786079998301 | ||
| 040 |
_aMx-PuUPA _bspa _cMx-PuUPA _dMx-PuUPA _erda |
||
| 041 | 0 | _aspa | |
| 245 | 1 | 0 |
_aFilosofía y entornos virtuales : _breflexiones sobre las formas emergentes de interacción / _cMayco Burgos Martínez, Javier Corona Fernández , coordinadores |
| 250 | _aPrimera edición | ||
| 264 | 1 |
_aCiudad de México : _bLambda Editorial, _c2022 |
|
| 300 |
_a188 páginas ; _c21 cm |
||
| 336 |
_2rdacontent _atexto _btxt |
||
| 337 |
_2rdamedia _asin medio _bn |
||
| 338 |
_2rdacarrier _avolumen _bnc |
||
| 650 | 7 |
_2armarc _aFilosofía _xEntornos virtuales compartidos |
|
| 650 | 7 |
_2armarc _aFilosofía _xRealidad virtual |
|
| 650 | 7 |
_2armarc _aFenomenología _xEntornos virtuales compartidos |
|
| 700 | 1 |
_aBurgos Martínez, Mayco, _ecoordinador _917476 |
|
| 700 | 1 |
_aCorona Fernández, Javier, _ecoordinador |
|
| 942 |
_2ddc _cLI _h102.028546 _iF47 |
||
| 999 |
_c25076 _d25076 |
||